Das Ende der Zeit. (Record no. 37349)

MARC details
000 -LEADER
fixed length control field 00431cam a22001697 4500
001 - CONTROL NUMBER
control field ltf90011321
003 - CONTROL NUMBER IDENTIFIER
control field DLC
005 - DATE AND TIME OF LATEST TRANSACTION
control field 20260227111550.0
008 - FIXED-LENGTH DATA ELEMENTS--GENERAL INFORMATION
fixed length control field 901106s1948 gw 000 0 ger
010 ## - LIBRARY OF CONGRESS CONTROL NUMBER
LC control number ltf90011321
040 ## - CATALOGING SOURCE
Original cataloging agency DLC
Transcribing agency DLC
Modifying agency DLC
050 00 - LIBRARY OF CONGRESS CALL NUMBER
Classification number 4BT 95
100 1# - MAIN ENTRY--PERSONAL NAME
Personal name Guttmann, Bernhard,
Dates associated with a name 1869-1959.
245 14 - TITLE STATEMENT
Title Das Ende der Zeit.
260 ## - PUBLICATION, DISTRIBUTION, ETC.
Place of publication, distribution, etc. Freiburg im Breisgau,
Name of publisher, distributor, etc. Zähringer Verlag,
Date of publication, distribution, etc. 1948.
300 ## - PHYSICAL DESCRIPTION
Extent 268 p.

No items available.

Powered by Koha